00526nam a2200169Ia 4500003000900000008004100009040001600050080001800066100002400084245012500108260003400233300001300267650001900280650001900299650001500318650002300333IN-BaIIA211028s9999 xx 000 0 eng d cIIA Library a621.3.07bGOT aGottlieb, M. Irving 0aPower supplies switching regulatorsiInverters & convertersc M. Irving Gottlieb  aDelhibBPB Publicationsc1985 ax, 437p. aNASA Thesaurus aPower Supplies aRegulators aSwitching circuits